| 000 | 01045nam a22003377a 4500 | ||
|---|---|---|---|
| 001 | 0017313 | ||
| 003 | KOHA_MİRAKIL | ||
| 005 | 20260207002135.0 | ||
| 007 | ta | ||
| 008 | 100518b1994 tu |||gr||||#0|||1|eng | | ||
| 020 | _a9757515337 | ||
| 040 |
_aTR-BiSEU _btur _cTR-BiSEU _erda |
||
| 041 | 0 | _aeng | |
| 044 | _ctu | ||
| 050 |
_aPE1404 _b.D46 1994 |
||
| 100 | 1 | _aDemirezen, Mehmet. | |
| 245 | 1 | 4 |
_aThe essentials of composition and short essay writing/ _cMehmet Demirezen ; Mehmet Demirezen. |
| 250 | _a1st. ed. | ||
| 264 | 1 |
_aAnkara : _bAdım Publications _c1994 |
|
| 300 | _aii, 232 pages; 23 cm. | ||
| 336 |
_ametin _btxt _2rdacontent |
||
| 337 |
_aaracısız _bn _2rdamedia |
||
| 338 |
_acilt _bnc _2rdacarrier |
||
| 500 | _aKaynakça ve dizin var. | ||
| 650 | 0 |
_aEnglish language--Composition and exercises. _935600 |
|
| 650 | 0 |
_aEnglish language--Rhetoric. _911409 |
|
| 650 | 0 |
_aİngiliz dili--Retorik. _928941 |
|
| 650 | 0 |
_aİngiliz dili--Kompozisyon ve alıştırmalar. _927551 |
|
| 907 | _aDil | ||
| 942 |
_2lcc _cBK |
||
| 999 |
_c17270 _d17270 |
||